| 000 | 00593nam a22001937a 4500 | ||
|---|---|---|---|
| 003 | OSt | ||
| 005 | 20240614111657.0 | ||
| 008 | 240614b |||||||| |||| 00| 0 eng d | ||
| 020 | _a9780415395335 | ||
| 040 | _cMUST | ||
| 082 | _a507.1 SCI 2007. | ||
| 245 | _aScience Education for Gifted Learners/ | ||
| 260 |
_aNew YORK, _bRoutledge Taylor & Francis Group, _c2007. |
||
| 300 |
_axv,240p.: _bill,; _c24cm. |
||
| 504 | _aIncludes,Bibliographical References and indexes. | ||
| 650 |
_2Gifted Learners, _aMathmatics. _917208 |
||
| 700 |
_aEdited by Keith S. Taber. _917209 |
||
| 942 |
_2ddc _cO_SHELF |
||
| 999 |
_c8463 _d8463 |
||